000
00250nam a2200097Ia 4500
001
719832
005
20250826163220.0
008
250824s9999 xx 000 0 und d
245
0
_a
BAHÇEMDE YEŞEREN UMUTLAR
_c
DEBBIE MACOMBER
260
_b
MARTI YAYINLARI
999
_c
719832
_d
719832